| 000 -LEADER |
| fixed length control field |
00744nam a22002297a 4500 |
| 001 - CONTROL NUMBER |
| control field |
8536 |
| 003 - CONTROL NUMBER IDENTIFIER |
| control field |
BD-DhUAP |
| 005 - DATE AND TIME OF LATEST TRANSACTION |
| control field |
20201221111653.0 |
| 008 - FIXED-LENGTH DATA ELEMENTS--GENERAL INFORMATION |
| fixed length control field |
201221r19972001ii a bf 001 0 eng |
| 020 ## - INTERNATIONAL STANDARD BOOK NUMBER |
| International Standard Book Number |
8123905459 |
| 040 ## - CATALOGING SOURCE |
| Original cataloging agency |
DLC |
| Language of cataloging |
eng |
| Transcribing agency |
DLC |
| Description conventions |
BD-DhUAP |
| 082 00 - DEWEY DECIMAL CLASSIFICATION NUMBER |
| Edition number |
23 |
| Classification number |
624.15 FOU |
| 245 04 - TITLE STATEMENT |
| Title |
Foundation engineering handbook / |
| Statement of responsibility, etc. |
edited by Hsai-Yang Fang. |
| 250 ## - EDITION STATEMENT |
| Edition statement |
2nd ed. |
| 264 #1 - PRODUCTION, PUBLICATION, DISTRIBUTION, MANUFACTURE, AND COPYRIGHT NOTICE |
| Place of production, publication, distribution, manufacture |
New Delhi : |
| Name of producer, publisher, distributor, manufacturer |
CBS Publishers & Distributors, |
| Date of production, publication, distribution, manufacture, or copyright notice |
1997 [Reprinted 2001]. |
| 300 ## - PHYSICAL DESCRIPTION |
| Extent |
xv, 923 pages : |
| Other physical details |
illustrations ; |
| Dimensions |
27 cm. |
| 504 ## - BIBLIOGRAPHY, ETC. NOTE |
| Bibliography, etc. note |
Includes bibliographical references and index. |
| 650 #0 - SUBJECT ADDED ENTRY--TOPICAL TERM |
| Topical term or geographic name entry element |
Foundations |
| Form subdivision |
Handbooks, manuals, etc. |
| 650 #0 - SUBJECT ADDED ENTRY--TOPICAL TERM |
| Topical term or geographic name entry element |
Soil mechanics |
| Form subdivision |
Handbooks, manuals, etc. |
| 700 ## - ADDED ENTRY--PERSONAL NAME |
| Personal name |
Fang, Hsai-Yang. |
| 942 ## - ADDED ENTRY ELEMENTS (KOHA) |
| Source of classification or shelving scheme |
|
| Koha item type |
Book |